International economics : (Record no. 9282)

MARC details
000 -LEADER
fixed length control field 00546cam a2200205ua 4500
001 - CONTROL NUMBER
control field 10296
005 - DATE AND TIME OF LATEST TRANSACTION
control field 20260515114614.0
008 - FIXED-LENGTH DATA ELEMENTS--GENERAL INFORMATION
fixed length control field 180314n ii |||gr||||Z||||||eng
020 ## - INTERNATIONAL STANDARD BOOK NUMBER
International Standard Book Number 9789332518230
040 ## - CATALOGING SOURCE
Transcribing agency MAIN
082 ## - DEWEY DECIMAL CLASSIFICATION NUMBER
Classification number 337
100 ## - MAIN ENTRY--PERSONAL NAME
Personal name Krugman, Paul R.,
Relator term Author.
245 ## - TITLE STATEMENT
Title International economics :
Remainder of title theory and policy /
Statement of responsibility, etc. By Paul, R. Krugman .
250 ## - EDITION STATEMENT
Edition statement 8th imp.
260 ## - PUBLICATION, DISTRIBUTION, ETC.
Place of publication, distribution, etc. Chennai:
Name of publisher, distributor, etc. Pearson,
Date of publication, distribution, etc. 2017.
300 ## - PHYSICAL DESCRIPTION
Extent 687p.
653 ## - INDEX TERM--UNCONTROLLED
Uncontrolled term International economics
700 ## - ADDED ENTRY--PERSONAL NAME
Personal name Obstfeld, Maurice,
Relator term Author.
942 ## - ADDED ENTRY ELEMENTS (KOHA)
Koha item type Books
Holdings
Withdrawn status Lost status Damaged status Not for loan Home library Current library Shelving location Date acquired Total checkouts Full call number Barcode Date last seen Copy number Price effective from Koha item type
        Naharkatiya College Library Naharkatiya College Library General stacks 09/19/2020   337 | KRU 24600 09/19/2020 1 09/19/2020 Books